Sports Quiz

Random Sports or Soccer Quiz

MLS Cup Champions Quiz Stats

 Plays Quiz Updated Dec 11, 2017

Also try: MLS Teams
Challenge
Share
Tweet
Embed
Score 0/23 Timer 03:00
0 Plays Today
Year MLS Cup Champion % Correct
1996D.C. United
79.1%
1997D.C. United
72.2%
2016Seattle Sounders FC
69.2%
2017Toronto FC
66.2%
2018Atlanta United FC
65%
2015Portland Timbers
63.5%
2014Los Angeles Galaxy
63%
1999D.C. United
62.4%
1998Chicago Fire
61.1%
2012Los Angeles Galaxy
54.6%
2011Los Angeles Galaxy
54.5%
2002Los Angeles Galaxy
52.2%
Year MLS Cup Champion % Correct
2005Los Angeles Galaxy
49.7%
2006Houston Dynamo
40.7%
2007Houston Dynamo
40.6%
2000Kansas City Wizards
40.5%
2004D.C. United
40%
2008Columbus Crew
37.6%
2013Sporting Kansas City
37.4%
2009Real Salt Lake
32.2%
2010Colorado Rapids
31.3%
2001San Jose Earthquakes
29.3%
2003San Jose Earthquakes
28.8%

You're not logged in!

Compare scores with friends on all Sporcle quizzes.
OR
Log In

You Might Also Like...

Show Comments

Extras

Top Quizzes Today


Score Distribution

Your Account Isn't Verified!

In order to create a playlist on Sporcle, you need to verify the email address you used during registration. Go to your Sporcle Settings to finish the process.

Report this User

Report this user for behavior that violates our Community Guidelines.

Details: